000 00286nam a22001337a 4500
003 SGT
082 _a616.994
_bM17C
100 _aCASCIATO, DENNIS A.
245 _aMANUAL OF CLINICAL ONCOLOGY
250 _a7TH
260 _aINDIA
_bWOLTER
_c2017
300 _a928
942 _2ddc
_cBK
999 _c15121
_d15121